| 000 | 00820nam a2200289Ia 4500 | ||
|---|---|---|---|
| 001 | Para_8261 | ||
| 003 | CHAP | ||
| 008 | 220125s1898 xx 000 0 und d | ||
| 010 | _a207173 | ||
| 040 | _cCHAP | ||
| 082 | _aPA-C 595.752 A6 | ||
| 100 |
_aBrodie, W. _9173665 |
||
| 245 |
_aThe spruce gall-louse (chermes abietis) / _c by W. Brodie |
||
| 260 |
_aToronto, Ont. : _b Ontario Department of Agriculture |
||
| 300 | _a3 p. | ||
| 440 |
_aAphidae; 7 _9171884 |
||
| 500 | _aEncuadernado con otros impresos similares | ||
| 650 |
_aAbeto _x plagas _9219 |
||
| 650 |
_aAfididos _x Colecciones de escritos _91032 |
||
| 901 | _aPA-C 595.752 A6 | ||
| 902 | _aM | ||
| 905 | _a0000001898 a 0000000000 00 | ||
| 910 | _a1898 | ||
| 942 | _cPARA | ||
| 942 |
_cPARA _d1 |
||
| 999 |
_c207173 _d207173 |
||